Chronicles of Bustos Domecq = Crónicas de Bustos Domecq /

Salvato in:
Dettagli Bibliografici
Autore principale: Borges, Jorge Luis, 1899-1986
Natura: Sconosciuto
Lingua:English
Pubblicazione: New York : Dutton, 1976.
Soggetti:
Tags: Aggiungi Tag
Nessun Tag, puoi essere il primo ad aggiungerne!!

MARC

LEADER 000000000a22000000004500
001 015501
020 |a 0525080473 
041 0 |a eng 
082 0 4 |a 864   |b B732c 
100 1 |a Borges, Jorge Luis,   |d 1899-1986 
245 1 0 |a Chronicles of Bustos Domecq =   |b Crónicas de Bustos Domecq /   |c Jorge Luis Borges. 
246 3 1 |a Crónicas de Bustos Domecq 
260 1 |a New York :   |b Dutton,   |c 1976. 
300 |a 143 páginas ;   |c 24 cm. 
650 4 |a BIOY CASARES, ADOLFO, 1914-1998 
500 |a Colección George Yúdice 
999 |c 21349  |d 21349 
942 |c BK  |h 864 B732c  |2 z